[Event "Unna Open 2023"]
[Site "Unna"]
[Date "2023.12.27"]
[Round "1.45"]
[White "Leufert, Nils Florian"]
[Black "Wirthmann, Stefan"]
[Result "0-1"]
[WhiteElo "981"]
[BlackElo "1733"]
[PlyCount "48"]
[EventDate "2023.12.??"]
[EventType "swiss"]
[EventRounds "7"]
[EventCountry "GER"]
[Tiebreak "Progressive score"]
[SourceVersionDate "2023.12.27"]

1. e4 e5 2. Nf3 Nc6 3. Nc3 Nf6 4. Bc4 Nxe4 5. Nxe4 d5 6. Bd3 dxe4 7. Bxe4 Nb4
8. O-O f5 9. Bd3 Nxd3 10. cxd3 Bd6 11. Qe2 Qe7 12. Re1 O-O 13. Nxe5 Re8 14. d4
Be6 15. d3 Rad8 16. Bd2 Bd5 17. Bf4 Qh4 18. Bg3 Qxd4 19. b3 f4 20. Bh4 Rxe5 21.
Qg4 Rde8 22. Kf1 Qxd3+ 23. Re2 Rxe2 24. g3 Re1# 0-1

[Event "Unna Open 2023"]
[Site "Unna"]
[Date "2023.12.27"]
[Round "1.46"]
[White "Vatter, Klaus"]
[Black "Leufert, Jan-Frederik"]
[Result "1-0"]
[WhiteElo "1717"]
[BlackElo "930"]
[PlyCount "77"]
[EventDate "2023.12.??"]
[EventType "swiss"]
[EventRounds "7"]
[EventCountry "GER"]
[Tiebreak "Progressive score"]
[SourceVersionDate "2023.12.27"]

1. e4 d5 2. Nc3 dxe4 3. Nxe4 Bf5 4. Ng3 e6 5. Nf3 Bd6 6. Nxf5 exf5 7. d4 Ne7 8.
Bd3 g6 9. b3 Nbc6 10. Bb2 Qd7 11. d5 Nxd5 12. Bxh8 Bb4+ 13. Kf1 O-O-O 14. Bb2
Bc5 15. g3 Qe7 16. a3 f6 17. Qe1 Re8 18. Qxe7 Rxe7 19. Kg2 Ne5 20. Rhe1 Bd6 21.
Nxe5 Bxe5 22. Bxe5 fxe5 23. c4 Nf6 24. f3 e4 25. fxe4 fxe4 26. Re2 Kd7 27. Rae1
c6 28. Bxe4 Nxe4 29. Rxe4 Rf7 30. Rd1+ Kc7 31. c5 b6 32. Rde1 Kd7 33. cxb6 axb6
34. Ra4 Kd6 35. b4 b5 36. Ra6 Rf6 37. Rd1+ Ke5 38. Rc1 Kd6 39. Rc5 1-0

[Event "Unna Open 2023"]
[Site "Unna"]
[Date "2023.12.27"]
[Round "1.47"]
[White "Mazaheri, Amirmahyar"]
[Black "Wiese, Thomas"]
[Result "0-1"]
[WhiteElo "919"]
[BlackElo "1694"]
[PlyCount "62"]
[EventDate "2023.12.??"]
[EventType "swiss"]
[EventRounds "7"]
[EventCountry "GER"]
[Tiebreak "Progressive score"]
[SourceVersionDate "2023.12.27"]

1. e4 c5 2. Nf3 Nc6 3. Nc3 g6 4. Be2 Bg7 5. O-O e6 6. d3 Nge7 7. Be3 b6 8. d4
cxd4 9. Nxd4 O-O 10. Ncb5 d5 11. Bd3 a6 12. Nc3 Nxd4 13. Bxd4 Bxd4 14. exd5
Bxc3 15. bxc3 Nxd5 16. c4 Nf4 17. Qd2 Qg5 18. Qxf4 Qxf4 19. Rae1 Bb7 20. f3
Rac8 21. Be4 Bxe4 22. fxe4 Qd2 23. Rc1 Rxc4 24. Rfe1 Rxe4 25. Red1 Qh6 26. Re1
Rh4 27. h3 Rd8 28. Red1 Rhd4 29. Rxd4 Qxc1+ 30. Kh2 Rxd4 31. Kg3 Qf4# 0-1

[Event "Unna Open 2023"]
[Site "Unna"]
[Date "2023.12.27"]
[Round "1.48"]
[White "Westermann, Walter"]
[Black "Weiner, Letizia Marilena"]
[Result "1-0"]
[WhiteElo "1681"]
[BlackElo "909"]
[PlyCount "61"]
[EventDate "2023.12.??"]
[EventType "swiss"]
[EventRounds "7"]
[EventCountry "GER"]
[Tiebreak "Progressive score"]
[SourceVersionDate "2023.12.27"]

1. e4 c6 2. d4 d5 3. e5 Bf5 4. Nf3 e6 5. Be2 Qa5+ 6. Bd2 Qb6 7. b3 Be4 8. Bc3
Bb4 9. O-O Bxc3 10. Nxc3 Bxf3 11. Bxf3 Qb4 12. Na4 b5 13. Nc5 Qc3 14. Re1 Nd7
15. Re3 Qa5 16. Nb7 Qb6 17. Nd6+ Kf8 18. c4 bxc4 19. bxc4 Qa6 20. cxd5 cxd5 21.
Be2 Qb6 22. Rb1 Qa5 23. Rb7 Rd8 24. Bb5 Ke7 25. Nxf7 a6 26. Nxd8 Qxd8 27. Rxd7+
Qxd7 28. Bxd7 Kxd7 29. Qa4+ Ke7 30. Qb4+ Kd7 31. Qb7+ 1-0

[Event "Unna Open 2023"]
[Site "Unna"]
[Date "2023.12.27"]
[Round "2.1"]
[White "Hart, Theo"]
[Black "Luft, Dennis"]
[Result "0-1"]
[WhiteElo "1889"]
[BlackElo "2310"]
[PlyCount "90"]
[EventDate "2023.12.??"]
[EventType "swiss"]
[EventRounds "7"]
[EventCountry "GER"]
[Tiebreak "Progressive score"]
[SourceVersionDate "2023.12.27"]

1. Nf3 d5 2. e3 Nf6 3. d4 e6 4. Nbd2 Be7 5. Bd3 b6 6. Qe2 c5 7. c3 Bb7 8. Bb5+
Nbd7 9. Ne5 a6 10. Nxd7 Nxd7 11. Bd3 Nf6 12. O-O O-O 13. Re1 Qc7 14. Nf3 Bd6
15. h3 Ne4 16. Bd2 c4 17. Bc2 f5 18. Rad1 Rac8 19. Bc1 Rf6 20. Nd2 Rg6 21. Nf1
Qe7 22. f4 b5 23. Bxe4 dxe4 24. Qf2 Bd5 25. Kh1 Rf6 26. Qh4 Rf7 27. Qh5 g6 28.
Qe2 Kh8 29. Nh2 Qh4 30. Rf1 Rb8 31. Bd2 a5 32. Be1 Qd8 33. Bg3 Rfb7 34. Qf2 Be7
35. Qc2 Qd7 36. a3 b4 37. axb4 axb4 38. Be1 Ra8 39. cxb4 Qa4 40. Qc1 Qb3 41.
Bc3 Bxb4 42. Qd2 Ra2 43. Qe1 Qxb2 44. Rf2 Qxf2 45. Qxf2 Rxf2 0-1

[Event "Unna Open 2023"]
[Site "Unna"]
[Date "2023.12.27"]
[Round "2.2"]
[White "Tkachuk, Konstantin"]
[Black "Hart, Klaus"]
[Result "1-0"]
[WhiteElo "2241"]
[BlackElo "1873"]
[PlyCount "57"]
[EventDate "2023.12.??"]
[EventType "swiss"]
[EventRounds "7"]
[EventCountry "GER"]
[Tiebreak "Progressive score"]
[SourceVersionDate "2023.12.27"]

1. e4 e5 2. Nf3 Nf6 3. Nxe5 d6 4. Nf3 Nxe4 5. d3 Nf6 6. d4 Bg4 7. Be2 Be7 8. c4
O-O 9. O-O Nbd7 10. Nc3 c6 11. h3 Bh5 12. g4 Bg6 13. Nh4 Ne8 14. Nxg6 hxg6 15.
f4 f5 16. g5 Nc7 17. d5 Nb6 18. b3 Re8 19. h4 Kf7 20. Kg2 Nd7 21. Bf3 c5 22.
Rh1 Nf8 23. Bb2 Qd7 24. Ne2 b5 25. h5 gxh5 26. Bxh5+ g6 27. Bxg6+ Nxg6 28. Rh7+
Kf8 29. Qh1 1-0

[Event "Unna Open 2023"]
[Site "Unna"]
[Date "2023.12.27"]
[Round "2.3"]
[White "Stricker, Florian"]
[Black "Meyer, Ulrich"]
[Result "1/2-1/2"]
[WhiteElo "2229"]
[BlackElo "1829"]
[PlyCount "178"]
[EventDate "2023.12.??"]
[EventType "swiss"]
[EventRounds "7"]
[EventCountry "GER"]
[Tiebreak "Progressive score"]
[SourceVersionDate "2023.12.27"]

1. e4 c5 2. Nc3 Nc6 3. Bb5 e5 4. d3 Nge7 5. Nf3 g6 6. Bc4 h6 7. Be3 d6 8. Nd5
Bg7 9. Qd2 Nxd5 10. Bxd5 Ne7 11. Bb3 Bd7 12. O-O Qc7 13. Ne1 g5 14. c3 f5 15.
exf5 Nxf5 16. Qd1 O-O-O 17. Ba4 Rdf8 18. Bxd7+ Qxd7 19. Nc2 Rf7 20. b4 Qc6 21.
bxc5 dxc5 22. Qg4 Kb8 23. Qe4 Rc8 24. Rfd1 Nd6 25. Qxc6 Rxc6 26. Rab1 Nf5 27.
Rb5 b6 28. Kf1 g4 29. Ke2 h5 30. a4 Nd6 31. Rb3 Nb7 32. Na3 Na5 33. Rb5 Bf8 34.
Rdb1 Kc8 35. Nc2 Nb7 36. Rh1 Nd6 37. Rbb1 c4 38. Nb4 cxd3+ 39. Kxd3 e4+ 40. Kc2
Rc4 41. Kb3 Rf5 42. Rhd1 Rc7 43. Rd4 b5 44. Ra1 a5 45. Nd5 Rb7 46. Rad1 bxa4+
47. Kxa4 Rb2 48. R1d2 Rxd2 49. Rxd2 Nc4 50. Nb6+ Nxb6+ 51. Bxb6 Kb7 52. Be3 Kc6
53. Rb2 Bd6 54. g3 Bc7 55. c4 Bd8 56. Rb8 Be7 57. Rb6+ Kd7 58. Rb7+ Ke6 59.
Rb6+ Kd7 60. Rb2 Bb4 61. Re2 Rf6 62. Kb5 Rf8 63. Bf4 Re8 64. c5 Re6 65. Rc2 Be1
66. c6+ Kc8 67. Be3 Re5+ 68. Ka4 Rf5 69. Bb6 Rf6 70. Kb5 Rf5+ 71. Kc4 a4 72.
Re2 Ba5 73. Bc5 Kc7 74. Ra2 Kxc6 75. Be3 Bb6 76. Rxa4 Bxe3 77. fxe3 Rf2 78. Kd4
Rxh2 79. Kxe4 h4 80. gxh4 Rxh4 81. Ra6+ Kc5 82. Kf4 Kd5 83. e4+ Kd4 84. Rd6+
Kc5 85. Rd1 g3+ 86. Kf5 g2 87. Rg1 Kd4 88. e5 Rh5+ 89. Kf4 Rh4+ 1/2-1/2

[Event "Unna Open 2023"]
[Site "Unna"]
[Date "2023.12.27"]
[Round "2.4"]
[White "Krämer, Sascha"]
[Black "Cofmann, Veaceslav"]
[Result "0-1"]
[WhiteElo "1858"]
[BlackElo "2210"]
[PlyCount "72"]
[EventDate "2023.12.??"]
[EventType "swiss"]
[EventRounds "7"]
[EventCountry "GER"]
[Tiebreak "Progressive score"]
[SourceVersionDate "2023.12.27"]

1. e4 e6 2. d4 d5 3. Nd2 c5 4. c3 cxd4 5. cxd4 Nc6 6. Ngf3 dxe4 7. Nxe4 Bb4+ 8.
Bd2 Bxd2+ 9. Qxd2 Nf6 10. Nc5 O-O 11. Be2 b6 12. Nb3 Bb7 13. O-O a5 14. a3 a4
15. Nc1 Qd6 16. Rd1 Rfd8 17. Na2 Na5 18. Qb4 Nb3 19. Rab1 Be4 20. Bd3 Bxf3 21.
gxf3 Qf4 22. Be4 Nxe4 23. fxe4 Qg4+ 24. Kf1 Qxe4 25. Nc3 Qc6 26. Rd3 Qh1+ 27.
Ke2 Qxh2 28. Nxa4 Qh5+ 29. f3 Qh2+ 30. Ke3 Qh6+ 31. Kf2 Nc5 32. Nxc5 bxc5 33.
Qb7 Qh2+ 34. Ke3 Rab8 35. Qe4 cxd4+ 36. Rxd4 Rb3+ 0-1

[Event "Unna Open 2023"]
[Site "Unna"]
[Date "2023.12.27"]
[Round "2.5"]
[White "Köhler, Christian Friedrich"]
[Black "Medger, Gernot"]
[Result "1-0"]
[WhiteElo "2210"]
[BlackElo "1813"]
[Annotator "Medger,Gernot"]
[PlyCount "59"]
[EventDate "2023.12.??"]
[EventType "swiss"]
[EventRounds "7"]
[EventCountry "GER"]
[Tiebreak "Progressive score"]
[SourceVersionDate "2023.12.27"]

1. c4 e5 2. g3 c6 3. Nf3 e4 4. Nd4 Qb6 5. Nc2 Nf6 6. Bg2 Be7 7. Nc3 d5 8. cxd5
cxd5 9. d3 Bf5 10. dxe4 dxe4 11. Ne3 Bg6 12. O-O Nc6 13. Ned5 Nxd5 14. Nxd5 Qd8
15. Bf4 Bd6 16. Qa4 O-O 17. Rfd1 Bxf4 18. Nxf4 Qf6 19. b4 Rad8 20. b5 Rd4 21.
Rxd4 Nxd4 $11 22. Re1 a6 23. bxa6 bxa6 24. Qc4 e3 25. f3 Qb6 26. Nd5 Qa7 27.
Rd1 Nf5 28. f4 Kh8 29. g4 Nd6 30. Qc7 1-0

[Event "Unna Open 2023"]
[Site "Unna"]
[Date "2023.12.27"]
[Round "2.6"]
[White "Bertschik, Jonas"]
[Black "Korten, Lando"]
[Result "0-1"]
[WhiteElo "1788"]
[BlackElo "2173"]
[PlyCount "58"]
[EventDate "2023.12.??"]
[EventType "swiss"]
[EventRounds "7"]
[EventCountry "GER"]
[Tiebreak "Progressive score"]
[SourceVersionDate "2023.12.27"]

1. d4 Nf6 2. Bf4 d5 3. Nf3 c5 4. c3 Qb6 5. Qb3 c4 6. Qxb6 axb6 7. Nbd2 Nc6 8.
e3 h6 9. Be2 Bf5 10. O-O e6 11. Ne5 b5 12. a3 Nd7 13. Ndf3 g5 14. Nxd7 Kxd7 15.
Ne5+ Ke7 16. Bg3 f6 17. Nxc6+ bxc6 18. h3 h5 19. f3 Bh6 20. Bf2 Rhg8 21. Rae1
g4 22. fxg4 hxg4 23. hxg4 Bxg4 24. Bh4 Bxe3+ 25. Kh1 Bd2 26. Rxf6 Bxe1 27. Rg6+
Bxh4 28. Rxg4 Rxg4 29. Bxg4 Bg3 0-1

[Event "Unna Open 2023"]
[Site "Unna"]
[Date "2023.12.27"]
[Round "2.7"]
[White "Torres-Kuckel, Rafael"]
[Black "Reufer, Berthold"]
[Result "1-0"]
[WhiteElo "2128"]
[BlackElo "1783"]
[PlyCount "54"]
[EventDate "2023.12.??"]
[EventType "swiss"]
[EventRounds "7"]
[EventCountry "GER"]
[Tiebreak "Progressive score"]
[SourceVersionDate "2023.12.27"]

1. e4 e6 2. d4 d5 3. exd5 exd5 4. Nf3 Bd6 5. c4 dxc4 6. Bxc4 Bg4 7. Nc3 Qe7+ 8.
Be3 Nd7 9. h3 Bxf3 10. Qxf3 Nb6 11. Qxb7 Nf6 12. Bb5+ Nfd7 13. Nd5 Qd8 14. Nxb6
axb6 15. Qc6 Ra5 16. O-O Rxb5 17. Qxb5 O-O 18. Rfe1 Nf6 19. a4 Nd5 20. Bd2 c5
21. dxc5 Bxc5 22. Qd3 Qf6 23. Qxd5 Rd8 24. Qf3 Rxd2 25. Re8+ Bf8 26. Qxf6 gxf6
27. Ra3 f5 1-0

[Event "Unna Open 2023"]
[Site "Unna"]
[Date "2023.12.27"]
[Round "2.8"]
[White "Hammerschmidt, Martin"]
[Black "Patscha, Elias"]
[Result "0-1"]
[WhiteElo "1745"]
[BlackElo "2077"]
[PlyCount "70"]
[EventDate "2023.12.??"]
[EventType "swiss"]
[EventRounds "7"]
[EventCountry "GER"]
[Tiebreak "Progressive score"]
[SourceVersionDate "2023.12.27"]

1. e4 d5 2. exd5 Qxd5 3. Nc3 Qd6 4. d4 Nf6 5. Bc4 a6 6. f3 b5 7. Bb3 Bb7 8.
Nge2 g6 9. Bf4 Qb6 10. Qd2 Nc6 11. Be3 Na5 12. d5 Nxb3 13. axb3 Qd6 14. O-O-O
c5 15. Bf4 Qd7 16. Ne4 Nxe4 17. fxe4 Bg7 18. e5 O-O 19. Nc3 Rac8 20. Rhe1 c4
21. b4 a5 22. Na2 c3 23. bxc3 a4 24. Re3 Rc4 25. Rh3 Rd8 26. d6 Qe6 27. Bg5
Bxe5 28. Bxe7 Bf4 29. Qxf4 Rxf4 30. Bxd8 Qxa2 31. Bh4 Bc8 32. Re3 Bd7 33. Bg3
Rf5 34. Re7 Qa1+ 35. Kd2 Rd5+ 0-1

[Event "Unna Open 2023"]
[Site "Unna"]
[Date "2023.12.27"]
[Round "2.9"]
[White "Ciornei, Dragos"]
[Black "Öztekin, Atilla"]
[Result "1-0"]
[WhiteElo "2064"]
[BlackElo "1780"]
[PlyCount "57"]
[EventDate "2023.12.??"]
[EventType "swiss"]
[EventRounds "7"]
[EventCountry "GER"]
[Tiebreak "Progressive score"]
[SourceVersionDate "2023.12.27"]

1. e4 c5 2. Nf3 d6 3. d4 cxd4 4. Nxd4 Nf6 5. Nc3 a6 6. Bc4 e6 7. a4 Be7 8. Ba2
Nc6 9. O-O O-O 10. Be3 Bd7 11. Qe2 Nxd4 12. Bxd4 Bc6 13. a5 Nd7 14. Rfd1 Qc7
15. f4 Bf6 16. Bxf6 Nxf6 17. Bb3 d5 18. exd5 Nxd5 19. Nxd5 Bxd5 20. Bxd5 exd5
21. f5 Rad8 22. f6 gxf6 23. Ra3 Qe5 24. Re3 Qxb2 25. Qd3 Qb4 26. Rg3+ Kh8 27.
Qf5 Rd6 28. Rh3 Qe4 29. Qxe4 1-0

[Event "Unna Open 2023"]
[Site "Unna"]
[Date "2023.12.27"]
[Round "2.10"]
[White "Wirthmann, Stefan"]
[Black "Baumann, Stephan"]
[Result "0-1"]
[WhiteElo "1733"]
[BlackElo "2062"]
[PlyCount "46"]
[EventDate "2023.12.??"]
[EventType "swiss"]
[EventRounds "7"]
[EventCountry "GER"]
[Tiebreak "Progressive score"]
[SourceVersionDate "2023.12.27"]

1. e4 e5 2. Bc4 Nc6 3. Nf3 Nf6 4. d4 exd4 5. O-O Nxe4 6. Re1 d5 7. Bxd5 Qxd5 8.
Nc3 Qa5 9. Nxe4 Be6 10. Neg5 O-O-O 11. Nxe6 fxe6 12. Rxe6 Bd6 13. Bg5 Rdf8 14.
Qe2 h6 15. Bd2 Qh5 16. h3 Qf7 17. Re4 Rd8 18. Re1 Qxa2 19. Nxd4 Nxd4 20. Qg4+
Kb8 21. Rxd4 Qxb2 22. Qxg7 Rhg8 23. Rxd6 Qxg7 0-1

[Event "Unna Open 2023"]
[Site "Unna"]
[Date "2023.12.27"]
[Round "2.11"]
[White "Mann, Gergely"]
[Black "Deysenroth, Patrick"]
[Result "1-0"]
[WhiteElo "2051"]
[BlackElo "1743"]
[PlyCount "71"]
[EventDate "2023.12.??"]
[EventType "swiss"]
[EventRounds "7"]
[EventCountry "GER"]
[Tiebreak "Progressive score"]
[SourceVersionDate "2023.12.27"]

1. d4 d5 2. c4 e6 3. Nc3 a6 4. cxd5 exd5 5. Nf3 c6 6. Qc2 Bd6 7. Bg5 Ne7 8. e3
f6 9. Bh4 Bf5 10. Qb3 Ra7 11. Be2 Nd7 12. O-O Qb6 13. Qxb6 Nxb6 14. a3 Kd7 15.
Nd2 g5 16. Bg3 Bxg3 17. fxg3 Rf8 18. e4 Bg6 19. e5 Raa8 20. exf6 Ng8 21. Nf3
Rxf6 22. Nxg5 Raf8 23. Bg4+ Kd6 24. Rfe1 Nh6 25. Bf3 Nf5 26. Rad1 Nc4 27. Re2
Nfe3 28. Rde1 Re8 29. b3 Bd3 30. bxc4 Bxe2 31. Rxe2 h6 32. Nh3 dxc4 33. Nf2 Kd7
34. Nfe4 Nd5 35. Nxd5 Rxf3 36. Ndf6+ 1-0

[Event "Unna Open 2023"]
[Site "Unna"]
[Date "2023.12.27"]
[Round "2.12"]
[White "Höllmann, Ludger"]
[Black "Vatter, Klaus"]
[Result "1-0"]
[WhiteElo "2015"]
[BlackElo "1717"]
[Annotator "Medger,Gernot"]
[PlyCount "113"]
[EventDate "2023.12.??"]
[EventType "swiss"]
[EventRounds "7"]
[EventCountry "GER"]
[Tiebreak "Progressive score"]
[SourceVersionDate "2023.12.27"]

1. d4 f5 2. g3 Nf6 3. Bg2 g6 4. b3 Bg7 5. Bb2 O-O 6. Nf3 d6 7. c4 c6 8. O-O Qc7
9. d5 h6 10. Nc3 Kh7 11. Nd4 c5 12. Ne6 Bxe6 13. dxe6 Qc8 14. Nd5 Nc6 15. Qd2
Rb8 16. Nxf6+ Bxf6 17. Bd5 Bxb2 18. Qxb2 Nd4 19. Rad1 Nxe6 20. f4 Nc7 21. Bf3
Qe6 22. Rfe1 Qf6 23. Qa3 a6 24. e4 fxe4 25. Bxe4 Ne6 26. Qa5 Rfd8 27. Kg2 Nd4
28. Qd2 b5 29. Qd3 bxc4 30. Qxc4 a5 31. h4 h5 32. Qd5 Re8 33. Qxh5+ Kg7 34. Qg4
Rh8 35. Bb1 e5 36. fxe5 dxe5 37. Rf1 Qd6 38. Rde1 Rbe8 39. Be4 Qe6 40. Qg5 Rh5
41. Qe3 Qg4 $11 42. Qf2 Nf5 43. Bxf5 gxf5 44. Qxc5 Rxh4 45. Qc7+ Kg8 46. Qc4+
Qxc4 47. bxc4 Rxc4 48. Rxf5 Rc2+ 49. Rf2 Rxf2+ 50. Kxf2 Kf7 51. Kf3 Ke6 52. Rb1
Rc8 53. Rb6+ Kf5 54. g4+ Kg5 55. Rb5 Rc3+ 56. Ke4 Kxg4 57. Rxa5 {Rest nicht zu
entziffern, Weiß gewinnt nach dem 84.Zug} 1-0

[Event "Unna Open 2023"]
[Site "Unna"]
[Date "2023.12.27"]
[Round "2.13"]
[White "Wiese, Thomas"]
[Black "Dahlbeck, Mirko"]
[Result "1/2-1/2"]
[WhiteElo "1694"]
[BlackElo "2013"]
[PlyCount "97"]
[EventDate "2023.12.??"]
[EventType "swiss"]
[EventRounds "7"]
[EventCountry "GER"]
[Tiebreak "Progressive score"]
[SourceVersionDate "2023.12.27"]

1. e4 c5 2. Nf3 Nc6 3. d4 cxd4 4. Nxd4 Nf6 5. Nc3 e5 6. Ndb5 d6 7. Bg5 a6 8.
Na3 b5 9. Nd5 Be7 10. Bxf6 Bxf6 11. c3 O-O 12. Nc2 Rb8 13. a4 bxa4 14. Rxa4
Rxb2 15. Bxa6 Bd7 16. Ra1 Bg5 17. O-O Kh8 18. Nce3 Be6 19. Qa4 Bxe3 20. Nxe3
Ne7 21. Bc4 Bc8 22. Rad1 f5 23. Qa3 Rb6 24. exf5 Bxf5 25. f4 Rc6 26. fxe5 Qb6
27. Rd4 Rd8 28. Nxf5 Nxf5 29. Rxf5 Rxc4 30. Qxd6 Qxd6 31. Rxd6 Re8 32. e6 Re4
33. Rf7 h6 34. Rf2 Re1+ 35. Rf1 R1xe6 36. Rxe6 Rxe6 37. Rc1 Kg8 38. c4 Kf7 39.
Kf2 Rg6 40. Rc2 Ke6 41. Ke3 Kd6 42. c5+ Kc6 43. Kf4 Rg5 44. g4 Rd5 45. h4 g6
46. Rc4 Kb5 47. Re4 Kxc5 48. Re5 Kd6 49. Rxd5+ 1/2-1/2

[Event "Unna Open 2023"]
[Site "Unna"]
[Date "2023.12.27"]
[Round "2.14"]
[White "Ringwelski, Marius"]
[Black "Westermann, Walter"]
[Result "1/2-1/2"]
[WhiteElo "1986"]
[BlackElo "1681"]
[Annotator "Medger,Gernot"]
[PlyCount "118"]
[EventDate "2023.12.??"]
[EventType "swiss"]
[EventRounds "7"]
[EventCountry "GER"]
[Tiebreak "Progressive score"]
[SourceVersionDate "2023.12.27"]

1. e4 c5 2. Nf3 e6 3. d4 cxd4 4. Nxd4 Nc6 5. Nc3 Qc7 6. g3 a6 7. Bg2 Nf6 8. O-O
Nxd4 9. Qxd4 Bc5 10. Bf4 d6 11. Qd1 Bd7 12. Re1 Qb6 13. Qe2 O-O 14. e5 dxe5 15.
Bxe5 Bc6 16. Bxf6 gxf6 17. Bxc6 Qxc6 18. Ne4 Be7 19. c3 f5 20. Nd2 Rac8 21. Nb3
Bf6 22. Rad1 Rfd8 23. Nc1 Rxd1 24. Rxd1 Rd8 25. Rxd8+ Bxd8 26. Qd3 Bb6 27. Ne2
Bc7 28. b3 Be5 29. c4 Qd6 $11 30. Qxd6 Bxd6 31. f3 Kg7 32. Kf2 Bc5+ 33. Ke1 Kf6
34. Kd2 Ke5 35. Kd3 h5 36. h4 Bf2 37. b4 f4 38. gxf4+ Kf5 39. b5 axb5 40. cxb5
Bxh4 41. Kc3 e5 42. Ng1 exf4 43. Kd3 Bf2 44. Nh3 Be3 45. a4 Bb6 46. Kc4 Ke5 47.
Kb4 Be3 48. a5 Bd2+ 49. Ka4 Kd5 50. a6 bxa6 51. bxa6 Kc6 52. a7 Kb7 53. Kb5 Be3
54. Kc4 Kxa7 55. Kd5 Kb7 56. Ke5 Kc6 57. Kf6 Kd6 58. Kxf7 Ke5 59. Kg6 h4 $11
1/2-1/2

[Event "Unna Open 2023"]
[Site "Unna"]
[Date "2023.12.27"]
[Round "2.15"]
[White "Klein, Andreas"]
[Black "Winterberg, Andreas"]
[Result "0-1"]
[WhiteElo "1677"]
[BlackElo "1973"]
[PlyCount "110"]
[EventDate "2023.12.??"]
[EventType "swiss"]
[EventRounds "7"]
[EventCountry "GER"]
[Tiebreak "Progressive score"]
[SourceVersionDate "2023.12.27"]

1. e4 e5 2. Bc4 Nf6 3. d3 Nc6 4. Nf3 Bc5 5. c3 d6 6. Nbd2 O-O 7. Bb3 Be6 8. O-O
h6 9. h3 Bxb3 10. axb3 a6 11. Re1 Ba7 12. Nf1 Ne7 13. Ng3 Ng6 14. Nf5 Re8 15.
Qe2 d5 16. g3 Qd7 17. Nh2 Ne7 18. Nxe7+ Rxe7 19. Kg2 Rd8 20. Be3 Bxe3 21. Qxe3
Qb5 22. b4 d4 23. Qe2 dxc3 24. bxc3 Rxd3 25. Ra5 Qd7 26. Nf3 Rd6 27. Rxe5 Rxe5
28. Nxe5 Qe7 29. Nc4 Re6 30. f3 Rc6 31. Qd3 Qd7 32. Qxd7 Nxd7 33. Na5 Rxc3 34.
Nxb7 Rc2+ 35. Kf1 Ne5 36. f4 Nd3 37. Rb1 Rc4 38. e5 Rxb4 39. Rxb4 Nxb4 40. Ke2
Kf8 41. Ke3 Ke7 42. f5 Nc6 43. Ke4 f6 44. exf6+ Kxf6 45. h4 h5 46. Nc5 a5 47.
Kf4 Nd4 48. Ne4+ Ke7 49. Ke5 Ne2 50. Kd5 a4 51. Kc4 a3 52. Kb3 Nd4+ 53. Kxa3
Nxf5 54. Kb3 Ke6 55. Kc4 Nd6+ 0-1

[Event "Unna Open 2023"]
[Site "Unna"]
[Date "2023.12.27"]
[Round "2.16"]
[White "Stöckmann, Helmut"]
[Black "Kappelhoff, Pius"]
[Result "1-0"]
[WhiteElo "1967"]
[BlackElo "1671"]
[PlyCount "75"]
[EventDate "2023.12.??"]
[EventType "swiss"]
[EventRounds "7"]
[EventCountry "GER"]
[Tiebreak "Progressive score"]
[SourceVersionDate "2023.12.27"]

1. c4 e5 2. Nc3 c6 3. d4 exd4 4. Qxd4 Nf6 5. e4 d6 6. Nf3 Nbd7 7. Bf4 Nc5 8.
Bg3 Qe7 9. O-O-O Nfxe4 10. Nxe4 Nxe4 11. Re1 f5 12. Nd2 Be6 13. Nxe4 fxe4 14.
Qxe4 Kd7 15. f4 Re8 16. Bd3 Qf6 17. f5 Bf7 18. Qf4 g6 19. Bh4 Qg7 20. f6 Qg8
21. Rxe8 Bxe8 22. Re1 Bf7 23. Bg3 h5 24. Kc2 g5 25. Qd4 c5 26. Bf5+ Kd8 27. Qe4
Kc7 28. b3 Rh6 29. Qe3 b6 30. Qe4 Rxf6 31. Qa8 Rxf5 32. Qxa7+ Kc6 33. Qb8 Bg7
34. Qxd6+ Kb7 35. Re7+ Ka6 36. Qd7 Rf2+ 37. Bxf2 Bg6+ 38. Kd1 1-0

[Event "Unna Open 2023"]
[Site "Unna"]
[Date "2023.12.27"]
[Round "2.17"]
[White "Richter, Marc"]
[Black "Gieseler, Felix"]
[Result "0-1"]
[WhiteElo "1651"]
[BlackElo "1948"]
[PlyCount "64"]
[EventDate "2023.12.??"]
[EventType "swiss"]
[EventRounds "7"]
[EventCountry "GER"]
[Tiebreak "Progressive score"]
[SourceVersionDate "2023.12.27"]

1. c4 c5 2. Nc3 Nc6 3. e4 e5 4. g3 Nge7 5. Bg2 g6 6. Nge2 Bg7 7. d3 O-O 8. O-O
h6 9. Be3 d6 10. Qd2 Kh7 11. f4 f5 12. Rab1 Nd4 13. fxe5 dxe5 14. Nd5 fxe4 15.
dxe4 Bg4 16. Rxf8 Qxf8 17. Bxd4 cxd4 18. Rf1 Qd8 19. Rf7 Nxd5 20. exd5 Qb6 21.
Kh1 Rf8 22. Rxf8 Bxf8 23. h3 Bf5 24. g4 Bb1 25. b3 d3 26. Nc3 Bb4 27. Qc1 Bc2
28. Qf1 Kg7 29. Ne4 d2 30. Bf3 d1=Q 31. Bxd1 Bxe4+ 32. Kh2 Qe3 0-1

[Event "Unna Open 2023"]
[Site "Unna"]
[Date "2023.12.27"]
[Round "2.18"]
[White "Gasper, Jörn"]
[Black "Nadan, Nikolas"]
[Result "1/2-1/2"]
[WhiteElo "1933"]
[BlackElo "1641"]
[PlyCount "76"]
[EventDate "2023.12.??"]
[EventType "swiss"]
[EventRounds "7"]
[EventCountry "GER"]
[Tiebreak "Progressive score"]
[SourceVersionDate "2023.12.27"]

1. e4 c5 2. Nf3 d6 3. Bb5+ Bd7 4. Bxd7+ Qxd7 5. c4 Nc6 6. O-O g6 7. d4 cxd4 8.
Nxd4 Bg7 9. Be3 Nf6 10. f3 O-O 11. Nc3 Rac8 12. Qd2 Nxd4 13. Bxd4 Rxc4 14. Bxa7
Rfc8 15. Rac1 b5 16. Be3 b4 17. Ne2 Rxc1 18. Rxc1 Rxc1+ 19. Nxc1 Qb5 20. Qd3
Qb7 21. Qb3 d5 22. e5 Nd7 23. f4 e6 24. Nd3 Bf8 25. a3 d4 26. Bd2 Nc5 27. Nxc5
Bxc5 28. axb4 d3+ 29. Kh1 Qe4 30. bxc5 Qe2 31. h3 Qxd2 32. c6 Qc1+ 33. Kh2
Qxf4+ 34. Kh1 Qf1+ 35. Kh2 d2 36. c7 Qf4+ 37. Kh1 Qf1+ 38. Kh2 Qf4+ 1/2-1/2

[Event "Unna Open 2023"]
[Site "Unna"]
[Date "2023.12.27"]
[Round "2.19"]
[White "Kramer, Martin"]
[Black "Bauch, Olaf"]
[Result "1/2-1/2"]
[WhiteElo "1622"]
[BlackElo "1923"]
[PlyCount "38"]
[EventDate "2023.12.??"]
[EventType "swiss"]
[EventRounds "7"]
[EventCountry "GER"]
[Tiebreak "Progressive score"]
[SourceVersionDate "2023.12.27"]

1. Nf3 Nf6 2. c4 e6 3. Nc3 d5 4. e3 b6 5. b3 Bb7 6. Bb2 Be7 7. cxd5 exd5 8. d4
O-O 9. Bd3 Nbd7 10. O-O c5 11. Rc1 Rc8 12. dxc5 bxc5 13. Bf5 Qc7 14. Na4 Rcd8
15. Qc2 c4 16. bxc4 dxc4 17. Nd2 g6 18. Bh3 Ba6 19. Rfd1 Rc8 1/2-1/2

[Event "Unna Open 2023"]
[Site "Unna"]
[Date "2023.12.27"]
[Round "2.20"]
[White "Kantor, Nikita"]
[Black "Lauenstein, Nico"]
[Result "1-0"]
[WhiteElo "1919"]
[BlackElo "1266"]
[PlyCount "61"]
[EventDate "2023.12.??"]
[EventType "swiss"]
[EventRounds "7"]
[EventCountry "GER"]
[Tiebreak "Progressive score"]
[SourceVersionDate "2023.12.27"]

1. e4 c5 2. Nc3 e6 3. Nge2 Nc6 4. g3 Nf6 5. Bg2 Be7 6. O-O d6 7. d4 cxd4 8.
Nxd4 O-O 9. h3 h6 10. Be3 a6 11. Qd2 d5 12. exd5 exd5 13. Rad1 Be6 14. Nce2 Qd7
15. Nf4 Rac8 16. Ndxe6 fxe6 17. c4 Bb4 18. Qe2 d4 19. Bxc6 Qxc6 20. Bxd4 Rfe8
21. Bxf6 gxf6 22. Qh5 Bf8 23. Qg6+ Bg7 24. Nh5 Re7 25. Nxf6+ Kf8 26. Nh5 Qxc4
27. Nxg7 Rxg7 28. Qxh6 Qxa2 29. Rd4 Rcc7 30. Rfd1 Qxb2 31. Qf6+ 1-0